Formula 1: Drivers Who Beat Them - Fernando Alonso - Statistics

General Stats
  • This quiz has been taken 36 times
  • The average score is 38 of 44
Answer Stats
Beat them in Answer Nationality Teams % Correct
2001, 2003, 2007-2009, 2015-2018 Kimi Räikkönen Finland Sauber, McLaren, Ferrari
100%
2008-2009, 2014-2018, 2021-2025 Lewis Hamilton UK McLaren, Mercedes, Ferrari
100%
2001, 2003-2004 Michael Schumacher Germany Ferrari
100%
2001, 2003 Ralf Schumacher Germany Williams
100%
2014-2018, 2021 Daniel Ricciardo Australia Red Bull, McLaren
97%
2001 Jos Verstappen Netherlands Arrows
97%
2021-2022, 2024-2025 Lando Norris UK McLaren
97%
2015-2018, 2021-2025 Max Verstappen Netherlands Toro Rosso, Red Bull
97%
2001 Mika Häkkinen Finland McLaren
97%
2024-2025 Oscar Piastri Australia McLaren
97%
2001, 2003-2004, 2009 Rubens Barrichello Brazil Ferrari, Brawn
97%
2009-2018 Sebastian Vettel Germany Red Bull, Ferrari
97%
2015, 2017-2018, 2021-2022, 2024-2025 Carlos Sainz Spain Toro Rosso, Renault, Ferrari, Williams
94%
2021-2022, 2024-2025 Charles Leclerc Monaco Ferrari
94%
2017, 2022 Esteban Ocon France Force India, Alpine
94%
2015-2018 Nico Hülkenberg Germany Force India, Renault
94%
2009, 2014-2016 Nico Rosberg Germany Williams, Mercedes
94%
2015-2018, 2021-2024 Sergio Pérez Mexico Force India, Racing Point, Red Bull
94%
2014-2018, 2021 Valtteri Bottas Finland Williams, Mercedes
94%
2025 Alexander Albon Thailand Williams
90%
2008, 2015, 2017 Felipe Massa Brazil Ferrari, Williams
90%
2022, 2024-2025 George Russell UK Mercedes
90%
2001 Jacques Villeneuve Canada BAR
90%
2001, 2004, 2009, 2011, 2015 Jenson Button UK Benetton, BAR, Brawn, McLaren
90%
2001, 2003 Juan Pablo Montoya Colombia Williams
90%
2017-2018 Kevin Magnussen Denmark Haas
90%
2017 Lance Stroll Canada Williams
90%
2009, 2011 Mark Webber Australia Red Bull
90%
2015 Daniil Kvyat Russia Red Bull
87%
2025 Kimi Antonelli Italy Mercedes
87%
2021 Pierre Gasly France AlphaTauri
87%
2008 Robert Kubica Poland BMW Sauber
87%
2001, 2009 Jarno Trulli Italy Jordan, Toyota
84%
2015, 2017 Romain Grosjean France Lotus, Haas
84%
2001 David Coulthard UK McLaren
81%
2015 Pastor Maldonado Venezuela Lotus
81%
2001 Giancarlo Fisichella Italy Benetton
74%
2015 Felipe Nasr Brazil Sauber
65%
2001 Nick Heidfeld Germany Sauber
65%
2001 Heinz-Harald Frentzen Germany Jordan, Prost
61%
2001 Jean Alesi France Prost, Jordan
55%
2001 Pedro de la Rosa Spain Jaguar
55%
2001 Eddie Irvine UK Jaguar
45%
2001 Olivier Panis France BAR
45%
No matching quizzes found
Score Distribution
Percent of People with Each Score
Percentile by Number Answered
Your Score History
You have not taken this quiz